000 00788nam a2200193Ia 4500
008 151121s9999||||xx |||||||||||||| ||und||
082 _a396/देशपां
082 _bHNW-62389
100 _aदेशपांडे कालिंदी
245 _aस्त्री मुक्ती समतेकडे वाटचाल
260 _b"मागोवा प्रकाशन, पुणे।"
260 _c--
300 _a43
600 _aदेशपांडे कालिंदी
630 _aस्त्री मुक्ती समतेकडे वाटचाल
700 _aदेशपांडे कालिंदी
730 _aस्त्री मुक्ती समतेकडे वाटचाल
942 _cBOOK
999 _c1243926
_d1243923